000 00823nam a2200241 4500
005 20240530110352.0
008 141225s2009 uk g 000 0 ara d
020 _a190070093X
040 _aEG-CaGPL
041 1 _aara
_heng
082 0 4 _221
_a910.4\
_bر م
100 1 _aرالى ، اغسطس
245 1 0 _aمسيحيون فى مكة /
_cاغسطس رالى ؛ ترجمة رمزى بدر
250 _aط2
260 _aلندن :
_bشركة دار الوراق للنشر المحدودة ،
_c2009
300 _a256 ص ؛
_c24 سم
650 0 4 _aالمرتدون عن المسيحية
_xتاريخ
_zالسعودية
650 0 4 _aالاماكن المقدسة
651 0 4 _aمكة المكرمة
700 0 _aرمزى بدر
_eمترجم
942 _2ddc
_cBK
999 _c60090
_d60090